THE BATTLE OF BELONGING (Record no. 29251)

MARC details
000 -LEADER
fixed length control field 00278nam a22001337a 4500
003 - CONTROL NUMBER IDENTIFIER
control field SGT
020 ## - INTERNATIONAL STANDARD BOOK NUMBER
International Standard Book Number 9788194735380
082 ## - DEWEY DECIMAL CLASSIFICATION NUMBER
Classification number 320
Item number T20T
100 ## - MAIN ENTRY--PERSONAL NAME
Personal name THAROOR, SHASHI
245 ## - TITLE STATEMENT
Title THE BATTLE OF BELONGING
260 ## - PUBLICATION, DISTRIBUTION, ETC. (IMPRINT)
Name of publisher, distributor, etc ALEPH BOOKS
Year of Publication 2020
300 ## - PAGE DESCRIPTION
No. of Pages 448
942 ## - ADDED ENTRY ELEMENTS (KOHA)
Source of classification or shelving scheme Dewey Decimal Classification
Koha item type Books
Holdings
Withdrawn status Lost status Source of classification or shelving scheme Damaged status Not for loan Home library Current library Shelving location Date acquired Cost, normal purchase price SGTU Total Checkouts Full call number Accession No. (Barcode) Date last seen Bill Date Koha item type
    Dewey Decimal Classification   Not For Loan SGT Chancellor's Library SGT Chancellor's Library Reference Book 22/01/2025 799.00 SGTU   320 T20T CH1904 22/01/2025 22/01/2025 Books